<?xml version="1.0" encoding="UTF-8"?>
<collection xmlns="http://www.loc.gov/MARC21/slim">
  <record>
    <leader>00000nam  2200000   4500</leader>
    <controlfield tag="001">INLIS000000000053779</controlfield>
    <controlfield tag="005">20190207021220</controlfield>
    <datafield tag="035" ind1="#" ind2="#">
      <subfield code="a">0010-0219000036</subfield>
    </datafield>
    <controlfield tag="007">ta</controlfield>
    <controlfield tag="008">190207###########################0######</controlfield>
    <datafield tag="082" ind1="#" ind2="#">
      <subfield code="a">372.4</subfield>
    </datafield>
    <datafield tag="084" ind1="#" ind2="#">
      <subfield code="a">372.4 NOV p</subfield>
    </datafield>
    <datafield tag="100" ind1=" " ind2="#">
      <subfield code="a">Novia Maulidya</subfield>
    </datafield>
    <datafield tag="245" ind1="1" ind2="#">
      <subfield code="a">Pintar Menulis Huruf /</subfield>
      <subfield code="c">Novia Maulidya</subfield>
    </datafield>
    <datafield tag="260" ind1="#" ind2="#">
      <subfield code="a">Surabaya :</subfield>
      <subfield code="b">Global Mandiri,</subfield>
      <subfield code="c">[sa]</subfield>
    </datafield>
    <datafield tag="300" ind1="#" ind2="#">
      <subfield code="a">32 hl. :</subfield>
      <subfield code="b">ilus. ;</subfield>
      <subfield code="c">22 Cm.</subfield>
    </datafield>
    <datafield tag="650" ind1="#" ind2="#">
      <subfield code="a">Pendidikan Dasar-Menulis</subfield>
    </datafield>
    <datafield tag="990" ind1="#" ind2="#">
      <subfield code="a">02260226</subfield>
    </datafield>
    <datafield tag="990" ind1="#" ind2="#">
      <subfield code="a">31800202</subfield>
    </datafield>
  </record>
</collection>
